(Record no. 185961)

MARC details
000 -LEADER
fixed length control field 00506nam a2200157Ia 4500
003 - CONTROL NUMBER IDENTIFIER
control field IQ-KOUCL
041 ## - LANGUAGE CODE
Language code of text/sound track or separate title Arabic
082 ## - DEWEY DECIMAL CLASSIFICATION NUMBER
Classification number 150,155 cut-298 ع
100 ## - MAIN ENTRY--PERSONAL NAME
Personal name 20260118u\\\\\\\\\\\y0engy0103\\\\ba
Personal name ا.د.باسم فارس الغانمي
245 #0 - TITLE STATEMENT
Title ازمات منتصف العمر وقلق المستقبل الفلسفة والمعالجة
250 ## - EDITION STATEMENT
Edition statement ط1
260 ## - PUBLICATION, DISTRIBUTION, ETC. (IMPRINT)
Name of publisher, distributor, etc دار الكتب والوثائق القومية
Place of publication, distribution, etc الاسكندرية
Date of publication, distribution, etc 2019
300 ## - PHYSICAL DESCRIPTION
Extent 216
942 ## - ADDED ENTRY ELEMENTS (KOHA)
Koha item type Books
Holdings
Withdrawn status Lost status Damaged status Not for loan Collection code Home library Current library Shelving location Date acquired Total Checkouts Full call number Barcode Date last seen Copy number Price effective from Koha item type
        150-159 Koya University Central Library Koya University Central Library Books 18/01/2026   150,155 cut-298 ع 0000068842 18/01/2026 1 18/01/2026 Books